| 000 | 00345nam a2200133Ia 4500 | ||
|---|---|---|---|
| 008 | 240624s9999 xx 000 0 und d | ||
| 041 | _aeng | ||
| 082 | _a339.5 MCK | ||
| 100 | _aMCKENZIE LIONEL W | ||
| 245 | _aCLASSICAL GENERAL EQUILIBRIUM THEORY | ||
| 260 |
_c2005 _aCambridge _bMIT Press |
||
| 300 | _aix, : 318 : p. : cm. ; 18 | ||
| 365 |
_c _b20 |
||
| 999 |
_c8164 _d8164 |
||